Normal view MARC view
  • Transparency International

Entry Corporate Name

Number of records used in: 2

001 - CONTROL NUMBER

  • control field: 5230

003 - CONTROL NUMBER IDENTIFIER

  • control field: SIRSI

005 - DATE AND TIME OF LATEST TRANSACTION

  • control field: 20190806150241.0

008 - FIXED-LENGTH DATA ELEMENTS

  • fixed length control field: 070621n| acannaabn |n ana d

040 ## - CATALOGING SOURCE

  • Original cataloging agency: OSt
  • Transcribing agency: OSt

110 2# - HEADING--CORPORATE NAME

  • Corporate name or jurisdiction name as entry element: Transparency International

670 ## - SOURCE DATA FOUND

  • Source citation: Anti-corruption training manual for the infrastructure, construction and engineering sectors, 2007